| 000 | 00720nam a2200241Ia 4500 | ||
|---|---|---|---|
| 003 | OSt | ||
| 005 | 20221005040918.0 | ||
| 006 | a|||||r|||| 00| 0 | ||
| 007 | ta | ||
| 008 | 221004b |||||||| |||| 00| 0 eng d | ||
| 024 | _a56006 | ||
| 037 | _cTextual | ||
| 040 |
_aCRL _cCRL _beng |
||
| 041 |
_2eng _aeng |
||
| 082 | _aV2:1:D9, J01;N6 | ||
| 100 | _aRaychaudhuri Hemchandra | ||
| 245 | 0 |
_aPolitical history of ancient India _b From the accession of Parikshit to the extinction of the Gypta dynasty. |
|
| 260 |
_aDelhi _bOxford University _c1950 |
||
| 300 |
_a849p. _ccm. |
||
| 650 | _aHISTORY | ||
| 942 |
_hV2:1:D9, J01;N6 _cTEXL _2cc |
||
| 999 |
_c947684 _d947684 |
||